000 00423nam a2200157 i 4500
001 83943
003 ES-MaACL
005 20230906174923.0
007 t|
008 041118s1929 cu ||||1| spa d
100 1 _aIraizoz, Antonio.
_965408
245 1 0 _aJosé Rizal /
_cAntonio Iraizoz.
260 _aLa Habana :
_b[s.n.,
_c1929] (
_fMolina y Cía)
300 _a56 p. ;
_c28 cm.
852 _aES-MaACL
_j1718-F-14
_bR.31437
999 _c83943
_d83943